Wake up and smell the coffee : (Record no. 168441)

MARC details
000 -LEADER
fixed length control field 00638nam a22001937a 4500
005 - DATE AND TIME OF LATEST TRANSACTION
control field 20191009142643.0
010 ## - LCCN (DPL NO)
LC control number ENG-126623
020 ## - INTERNATIONAL STANDARD BOOK NUMBER
International Standard Book Number 9789353285906
Terms of availability 495.00
035 ## - SYSTEM CONTROL NUMBER
System control number EN-110155
037 ## - SOURCE OF ACQUISITION
Source of stock number/acquisition DBAD/PUB
082 ## - DEWEY DECIMAL CLASSIFICATION NUMBER
Classification number 651.3
100 ## - MAIN ENTRY--PERSONAL NAME
Personal name Mac Rory, Simon
245 ## - TITLE STATEMENT
Title Wake up and smell the coffee :
Statement of responsibility, etc by Simon Mac Rory
Remainder of title the imperative of teams /
260 ## - PUBLICATION, DISTRIBUTION, ETC. (IMPRINT)
Place of publication, distribution, etc New Delhi
Name of publisher, distributor, etc SAGE Publications
Date of publication, distribution, etc 2018
270 ## - ADDRESS
Address B1/1-1, Mohan Cooperative Industrial Area
City Mathura Road, Post Bag 7
Postal code 110044
Electronic mail address marketing@sagepub.in
300 ## - PHYSICAL DESCRIPTION
Extent 243p.
Dimensions 22cm(pbk)
500 ## - GENERAL NOTE
General note Includes endnotes
942 ## - ADDED ENTRY ELEMENTS (KOHA)
Source of classification or shelving scheme Dewey Decimal Classification
Item type English Books
Classification part 651.3
Call number suffix MAC
Holdings
Withdrawn status Lost status Not for loan Collection code Home library Current library Date acquired Source of acquisition Cost, normal purchase price Full call number Barcode Copy number Cost, replacement price Koha item type
      Non-fiction Andrews Gunj Andrews Gunj 09/10/2019 DBAD/PUB 495.00 651.3 MAC EN-110155 1 495.00 English Books

© Delhi Public Library
Hit Counter
free hit counter